000 01129nas a22001817a 4500
008 210325b th ||||| |||| 00| 0 tha d
022 _a16869133
037 _nจัดซื้อวารสาร
041 0 _atha
245 1 0 _aชุมทางอาชีพ
260 3 _aกรุงเทพฯ :
_bสำนักพิมพ์ นีออน บุ๊ค จำกัด
310 _aรายเดือน
850 _aNALT
942 _cJNR
997 _c51964
999 _c91964
_d91964